Manifiesto para una civilización solidaria
Saved in:
| Main Author: | |
|---|---|
| Format: | Book |
| Language: | Spanish |
| Published: |
Santiago
Editorial del Pacífico
1975
|
| Edition: | 1a. ed |
| Subjects: | |
| Tags: |
Add Tag
No Tags, Be the first to tag this record!
|
MARC
| LEADER | 00000cam a2200000 a 4500 | ||
|---|---|---|---|
| 001 | UCE6430 | ||
| 003 | CL-VaPUC | ||
| 008 | 150409e19750000cl |||||||||||||||||spa|d | ||
| 082 | 0 | 4 | |a 303.484 |b LEB |2 21 |
| 100 | |a Lebret, Louis-Joseph |e author |9 481616 | ||
| 245 | 1 | 0 | |a Manifiesto para una civilización solidaria |
| 250 | |a 1a. ed | ||
| 300 | |a 137 p | ||
| 942 | |c BK | ||
| 945 | |d 20150409 10:07:00 |a arojas | ||
| 260 | |a Santiago |b Editorial del Pacífico |c 1975 | ||
| 650 | 0 | |a Movimientos sociales |9 315241 | |
| 650 | 0 | |a Civilizaciones |9 267192 | |
| 650 | 0 | |a Ciencias sociales |9 256351 | |
| 583 | |a last modification |c 20150409 10:07:00 |k Rodrigo Vera | ||
| 999 | |c 358762 |d 358760 | ||
| 952 | |0 0 |1 0 |3 erb |4 0 |6 303_484000000000000_LEB_1975 |7 0 |8 X |9 467651 |a FDOBUD |b FDOBUD |i 515796K |o 303.484 LEB 1975 |p 515796K |r 2019-11-23 |w 2019-11-23 |y BK_X |z Catalogado en:20150409 |k BUD | ||